000 01019nam a22002297a 4500
999 _c13320
_d13320
003 AR-CdUCM
008 190411b ||||| |||| 00| 0 spa d
020 _a978-612-46558-0-7
040 _aMUNICIPALIDAD PROVINCIAL DEL CUSCO
_cBIBLIOTECA MUNICIPAL DEL CUSCO
082 _a630 /
_bS71
100 _aSotomayor Obregon, Eibert
_924161
245 _aEvaluación de pastizales altoandinos y el sistema de información geográfica en la producción ganadera /
260 _aCusco :
_bNueva ruralidad,
_c2013
300 _a271 páginas ;
_c21 cm.
_bTablas, fotografías y mapas,
440 _aCentro nueva ruralidad para el desarrollo en el ande peruano
_n21
_931682
505 _aContenido : Medio ambiente y desarrollo sostenible -- Conceptos de medio ambiente y pastizales altoandinas -- El sistema de información geográfica -- Metodología, materiales y métodos ...
650 _aCampo
_930997
650 _aPastizales
_91621
650 _aAgropecuario
_97358
942 _2ddc
_cLIBROS
945 _arah
_d11/04/2019